000 00228nam a22001097a 4500
082 _a621.3NEF
100 _aNeff Herbert P
245 _aBasic electronic fields
260 _aLondon
_bHarppar
_c1981
300 _a600
942 _cBK
999 _c12576
_d12576